Empowerment : the role of Citizens

Bibliographic Details
Main Author: Ismail Noor
Other Authors: Elina Noor
Format: Book
Published: Batu Caves, Selangor : Thinkers Library , [2004]
Subjects:

MARC

LEADER 00000cam a2200000 7i4500
001 0000003411
005 20051221.0
020 0 0 |a 9676906603 (pbk.) 
090 0 0 |a 303.3409595   |b ISM 
100 1 0 |a Ismail Noor 
245 1 0 |a Empowerment :   |b the role of Citizens   |c authored by Ismail Noor, edited by Elina Noor 
260 0 0 |a Batu Caves, Selangor :   |b Thinkers Library ,   |c [2004] 
300 |a ix, 150p. :   |b ill. ;   |c 25cm. 
650 0 0 |a Leadership   |z Malaysia 
651 0 0 |a Malaysia   |x Politics and government 
700 1 1 |a Elina Noor 
999 |a 0000006207   |b Monograph   |c Open Shelf   |e Default branch 
999 |a 007778   |b Monograph   |c Open Shelf   |e Default branch